Swajanatar samajtattwa/ (Record no. 11705)

MARC details
000 -LEADER
fixed length control field 00642nam a22002177a 4500
005 - DATE AND TIME OF LATEST TRANSACTION
control field 20231013123027.0
008 - FIXED-LENGTH DATA ELEMENTS--GENERAL INFORMATION
fixed length control field 231013b ||||| |||| 00| 0 eng d
020 ## - INTERNATIONAL STANDARD BOOK NUMBER
International Standard Book Number 9789391060121
040 ## - CATALOGING SOURCE
Original cataloging agency IN-DiNC
Transcribing agency IN-DiNC
041 ## - LANGUAGE CODE
Language code of sung or spoken text Assamese
082 ## - DEWEY DECIMAL CLASSIFICATION NUMBER
Classification number 306.83
Item number SAR
100 ## - MAIN ENTRY--PERSONAL NAME
Personal name Sarmah, Dipankar
Relator term Author
245 ## - TITLE STATEMENT
Title Swajanatar samajtattwa/
Statement of responsibility, etc. by Dipankar Sarmah, Swapnajyoti Borah and Himanta Pratim Borgohain
250 ## - EDITION STATEMENT
Edition statement 2nd ed.
260 ## - PUBLICATION, DISTRIBUTION, ETC.
Place of publication, distribution, etc. Dibrugarh:
Name of publisher, distributor, etc. Banalata,
Date of publication, distribution, etc. 2022.
300 ## - PHYSICAL DESCRIPTION
Extent 152p.
650 ## - SUBJECT ADDED ENTRY--TOPICAL TERM
Topical term or geographic name entry element Sociology of kinship
700 ## - ADDED ENTRY--PERSONAL NAME
Personal name Borah, Swapnajyoti
Relator term Author
700 ## - ADDED ENTRY--PERSONAL NAME
Personal name Borgohain, Himanta Pratim
Relator term Author
942 ## - ADDED ENTRY ELEMENTS (KOHA)
Source of classification or shelving scheme Dewey Decimal Classification
Koha item type Books
Holdings
Withdrawn status Lost status Source of classification or shelving scheme Damaged status Not for loan Collection code Home library Current library Shelving location Date acquired Cost, normal purchase price Total Checkouts Full call number Barcode Date last seen Date last checked out Copy number Price effective from Koha item type
    Dewey Decimal Classification     Sociology Central Library, Naharkatiya College Central Library, Naharkatiya College General Stacks 13/10/2023 250.00 2 306.83 SAR 29569 01/08/2024 21/06/2024 1 13/10/2023 Books
    Dewey Decimal Classification     Sociology Central Library, Naharkatiya College Central Library, Naharkatiya College General Stacks 13/10/2023 250.00 2 306.83 SAR 29570 14/10/2025 27/09/2025 2 13/10/2023 Books
    Dewey Decimal Classification     Sociology Central Library, Naharkatiya College Central Library, Naharkatiya College General Stacks 13/10/2023 250.00 3 306.83 SAR 29571 02/08/2024 25/05/2024 3 13/10/2023 Books

Naharkatiya College © 2020. All rights reserved.

Powered By